Report Of The Auditor-General On The Management Of The Petroleum Funds For Financial Year Ended 31 December 2021 (Record no. 1416)
[ view plain ]
| 000 -LEADER | |
|---|---|
| fixed length control field | 00464nam a2200157Ia 4500 |
| 008 - FIXED-LENGTH DATA ELEMENTS--GENERAL INFORMATION | |
| fixed length control field | 240428s9999||||xx |||||||||||||| ||und|| |
| 041 ## - LANGUAGE CODE | |
| Language code of text/sound track or separate title | eng |
| 082 ## - DEWEY DECIMAL CLASSIFICATION NUMBER | |
| Classification number | AGR21(MPF) |
| 100 ## - MAIN ENTRY--PERSONAL NAME | |
| Personal name | Auditor-General |
| 245 #0 - TITLE STATEMENT | |
| Title | Report Of The Auditor-General On The Management Of The Petroleum Funds For Financial Year Ended 31 December 2021 |
| 260 ## - PUBLICATION, DISTRIBUTION, ETC. | |
| Name of publisher, distributor, etc. | Ghana Audit Service |
| Place of publication, distribution, etc. | Accra |
| Date of publication, distribution, etc. | 2022 |
| 300 ## - PHYSICAL DESCRIPTION | |
| Extent | iii,50p:tabs |
| 650 ## - SUBJECT ADDED ENTRY--TOPICAL TERM | |
| Topical term or geographic name entry element | Petroleum Funds |
| 942 ## - ADDED ENTRY ELEMENTS (KOHA) | |
| Koha item type | Annual Report |
| Withdrawn status | Lost status | Damaged status | Not for loan | Home library | Current library | Shelving location | Date acquired | Total checkouts | Full call number | Date last seen | Copy number | Price effective from | Koha item type |
|---|---|---|---|---|---|---|---|---|---|---|---|---|---|
| Main Library | Main Library | Open Shelves | 13/07/2022 | AGR21 (MPF) 1441 C2 - AGR21(MPF) 1440 C1 | 29/04/2024 | 1 | 29/04/2024 | Annual Report |